La muerte en arrozal: 30 años de guerra en Indochina

Gorde:
Xehetasun bibliografikoak
Egile nagusia: Scholl-Latour, Peter (Egilea)
Formatua: Liburua
Hizkuntza:gaztelania
Argitaratua: Barcelona Planeta 1980
Gaiak:
Etiketak: Etiketa erantsi
Etiketarik gabe, Izan zaitez lehena erregistro honi etiketa jartzen!

MARC

LEADER 00000nam a2200000 a 4500
001 UCO2336
003 CL-VaPUC
008 000602e19800000SP |||||||||||||||||spa|d
082 0 4 |a 959.704  |b SCH  |2 21 
100 0 |a Scholl-Latour, Peter  |e author  |9 445418 
245 1 3 |a La muerte en arrozal: 30 años de guerra en Indochina 
300 |a 318 p 
942 |c BK 
945 |d 20000602 00:00:00  |a rherrera 
260 |a Barcelona  |b Planeta  |c 1980 
650 0 |a Historias de Vietnam  |y Siglo 20  |9 445364 
650 7 |a GUERRA DE INDOCHINA  |2 CL-VaPUC  |9 445365 
650 0 |a Guerra de Vietnam  |y 1961-1975  |9 330754 
651 7 |a VIETNAM  |2 CL-VaPUC  |9 313552 
651 0 |a Estados Unidos  |9 255178 
651 0 |a Francia  |9 255157 
651 0 |a China   |9 257545 
583 |a last modification  |c 20160912 04:46:34  |k Rodrigo Vera 
999 |c 288871  |d 288869 
952 |0 0  |1 0  |4 0  |6 959_704000000000000_SCH_1980  |7 0  |8 A  |9 336831  |a BIBHIS  |b BIBHIS  |d 2019-11-20  |i 1285300  |o 959.704 SCH 1980  |p 1285300  |r 2025-01-20  |w 2019-11-20  |y BK  |k HIS